• 首页
  • 本馆介绍
  • 公告通知
  • 最新文献
  • 馆藏检索
  • 电子资源
  • 读者导购
  • 参考咨询
  • 我的图书馆
  • 登录
  • 详细信息显示
  • 放入我的书架
  • 预约/预借图书
  • 作者相关作品
  • 分类相关作品
  • 丛书相关作品
  • 出版社相关作品

书目信息

  • 表格格式
  • 工作单格式
  • 卡片格式
题名:
产业区块链
    
 
作者: 龚健 , 王晶 编著
分册:  
出版信息: 北京   中国广播影视出版社  2021.01
页数: 280页
开本: 23cm
丛书名:
单 册:
中图分类: F713.361.3
科图分类:
主题词: 电子商务--dian zi shang wu--支付方式--案例--世界
电子资源:
ISBN: 978-7-5043-8476-8
000 01587nam0 2200301 450
001 CAL 010256271
005 20230217093113.0
010    @a978-7-5043-8476-8@dCNY69.00
092    @aCN@bRt957-1885
100    @a20210416d2021 em y0chiy0120 ea
101 0  @achi
102    @aCN@b110000
105    @aa a 000yy
106    @ar
200 1  @a产业区块链@Achan ye qu kuai lian@e新基建区块链全球落地100个案例解析@d= Industrial blockchain@eanalysis of 100 cases of new infrastructure blockchain@f龚健, 王晶编著@zeng
210    @a北京@c中国广播影视出版社@d2021.01
215    @a280页@c图@d23cm
314    @a龚健, ICM全球杰出奖获得者, 全球知名数学建模专家。王晶, 前资深财经媒体人, 互联网产品及运营专家等职。
320    @a有书目 (第280页)
330    @a本书以政务和金融行业为切入点, 阐述区块链技术在全球各行业如金融、政府服务、能源、保险、港口、物流、旅游酒店、建筑房地产、工业制造、农业、生物医疗、文化娱乐、新零售、在线教育等方面的应用情况, 精选了来自全球的100个经典案例, 希望通过剖析各个行业的痛点, 分析区块链与各个行业深度融合的原因, 以及具体典型代表案例的展示, 帮助读者更好地理解区块链技术如何为我们的世界带来创新。
510 1  @aIndustrial blockchain@eanalysis of 100 cases of new infrastructure blockchain@zeng
517 1  @a新基建区块链全球落地100个案例解析@Axin ji jian qu kuai lian quan qiu luo di 100 ge an li jie xi
606 0  @a电子商务@Adian zi shang wu@x支付方式@x案例@y世界
690    @aF713.361.3@v5
701  0 @a龚健@Agong jian@c(经济学)@4编著
701  0 @a王晶@Awang jing@c(女)@4编著
801  0 @aCN@bBJXHZP@c20230228
905    @b1380595-8@dF713.361.3@e1299@f4
    
    产业区块链:新基建区块链全球落地100个案例解析= Industrial blockchain:analysis of 100 cases of new infrastructure blockchain/龚健, 王晶编著.-北京:中国广播影视出版社,2021.01
    280页:图;23cm
    
    
    ISBN 978-7-5043-8476-8:CNY69.00
    本书以政务和金融行业为切入点, 阐述区块链技术在全球各行业如金融、政府服务、能源、保险、港口、物流、旅游酒店、建筑房地产、工业制造、农业、生物医疗、文化娱乐、新零售、在线教育等方面的应用情况, 精选了来自全球的100个经典案例, 希望通过剖析各个行业的痛点, 分析区块链与各个行业深度融合的原因, 以及具体典型代表案例的展示, 帮助读者更好地理解区块链技术如何为我们的世界带来创新。
●
相关链接 在E读中查询图书 在五车中查询图书 在当当中查询图书 在豆瓣中查询图书


正题名:产业区块链     索取号:F713.361.3/1299         预约/预借

序号 登录号 条形码 馆藏地/架位号 状态 备注
1 1380595   213805952   第一样本阅览室/ [索取号:F713.361.3/1299] 在馆    
2 1380596   213805961   第一借阅区/ [索取号:F713.361.3/1299] 在馆    
3 1380597   213805970   第一借阅区/ [索取号:F713.361.3/1299] 在馆    
4 1380598   213805989   第一借阅区/ [索取号:F713.361.3/1299] 在馆    
唐山师范学院图书馆 欢迎您!
大连网信软件有限公司© 版权所有